000 00741nam a2200253Ia 4500
003 OSt
005 20220928104136.0
006 a|||||r|||| 00| 0
007 ta
008 220927b |||||||| |||| 00| 0 hin d
020 _c350
024 _a110616
037 _b1417, 24/01/2011, Kiran Book Service
_cTextual
040 _aSDCL
_cSDCL
_bhin
041 _2hin
_ahin
082 _aO157,3NGS,6, Q1
100 _aGangopadhyay Sunil
_9395102
245 0 _aDoor se dekha hua.
260 _aNew Delhi
_bRadhakrishana Prakashan
_c2011
300 _a267p.
_ccm.
650 _aHindi
_9391598
942 _hO157,3NGS,6, Q1
_cTEXL
_2CC
999 _c724773
_d724773